Ley general de urbanismo y construcciones
Gardado en:
| Autor Principal: | |
|---|---|
| Formato: | Libro |
| Idioma: | Lingua castelá |
| Publicado: |
Santiago
Jurídica ConoSur
1997
|
| Series: | Manual de Legislación Municipal
|
| Subjects: | |
| Tags: |
Engadir etiqueta
Sen Etiquetas, Sexa o primeiro en etiquetar este rexistro!
|
MARC
| LEADER | 00000nam a2200000 a 4500 | ||
|---|---|---|---|
| 001 | UCR0414 | ||
| 003 | CL-VaPUC | ||
| 008 | 971205e19970000CL |||||||||||||||||spa|d | ||
| 082 | 0 | 4 | |a 346.83 |b COB |2 21 |
| 100 | 0 | |a Cobo García, Pedro Antonio |e author |9 396026 | |
| 245 | 1 | 0 | |a Ley general de urbanismo y construcciones |
| 300 | |a 978 p | ||
| 942 | |c BK | ||
| 945 | |d 19971205 00:00:00 |a jquezada | ||
| 260 | |a Santiago |b Jurídica ConoSur |c 1997 | ||
| 650 | 0 | |a Urbanismo |9 255208 | |
| 650 | 0 | |a Construcción |9 260195 | |
| 650 | 0 | |a Tribunal constitucional |9 255000 | |
| 650 | 0 | |a Planificación urbana |9 258176 | |
| 650 | 7 | |a NORMAS DE DISEÑO |2 CL-VaPUC |9 396027 | |
| 583 | |a last modification |c 19971205 00:00:00 |k Rodrigo Vera | ||
| 490 | 0 | |a Manual de Legislación Municipal | |
| 999 | |c 263936 |d 263934 | ||